| 000 | 00414nam a2200169Ia 4500 | ||
|---|---|---|---|
| 001 | 26359 | ||
| 003 | IN-NITTTR | ||
| 005 | 20251114233331.0 | ||
| 008 | 251113s9999||||xx |||||||||||||| ||eng|| | ||
| 040 | _beng | ||
| 040 | _cIN-NITTTR | ||
| 041 | _aeng | ||
| 082 | _a333.73 R13P | ||
| 100 | _aRoy, Upendra Nath | ||
| 245 | 0 |
_aPeoples' participation in watershed management / _cRoy, Upendra Nath |
|
| 942 |
_2ddc _cBK |
||
| 999 |
_c28988 _d28988 |
||